[Event "WA Open Blitz Championship"]
[Site "Chess.com"]
[Date "2020.05.25"]
[Round "?"]
[White "Razmov, Valentin"]
[Black "Willy, Stephen"]
[Result "1-0"]
[WhiteElo "1986"]
[BlackElo "1137"]
[PlyCount "77"]
[EventDate "2020.??.??"]
[EventType "blitz"]

1. d4 d5 2. c4 c6 3. Nf3 Nf6 4. Nc3 Bf5 5. e3 e6 6. Nh4 Bg6 7. Nxg6 hxg6 8. Be2
Nbd7 9. a3 Bd6 10. c5 Bc7 11. f4 Ne4 12. Nxe4 dxe4 13. g3 g5 14. Qc2 gxf4 15.
exf4 Nf6 16. Be3 Ba5+ 17. b4 Bc7 18. Kf2 Qd5 19. Bc4 Qh5 20. Be2 Qd5 21. h4 b6
22. Bc4 Ng4+ 23. Ke2 Qh5 24. Rhf1 Nh2+ 25. Kf2 Qf3+ 26. Ke1 Qxe3+ 27. Be2 Qxg3+
28. Kd2 Nxf1+ 29. Rxf1 Bxf4+ 30. Kd1 Rxh4 31. cxb6 Qxa3 32. Qxc6+ Ke7 33. Qc5+
Bd6 34. Qg5+ f6 35. Qxg7+ Kd8 36. Qg8+ Kd7 37. Bb5+ Ke7 38. Qg7+ Kd8 39. Qd7#
1-0

[Event "WA Open Blitz Championship"]
[Site "Chess.com"]
[Date "2020.05.25"]
[Round "?"]
[White "Gottumukkala, Anath"]
[Black "Willy, Stephen"]
[Result "1-0"]
[WhiteElo "1785"]
[BlackElo "1137"]
[PlyCount "79"]
[EventDate "2020.??.??"]
[EventType "blitz"]

1. Nf3 d5 2. g3 c5 3. Bg2 Nc6 4. O-O e5 5. d3 Nf6 6. c4 d4 7. e3 Bg4 8. h3 Bh5
9. exd4 exd4 10. Qa4 Be7 11. Ne5 O-O 12. Nxc6 bxc6 13. Bxc6 Rc8 14. Bf4 Bd6 15.
Bg5 Qc7 16. Bg2 Ne8 17. Qc2 h6 18. Bc1 Nf6 19. Na3 Rfe8 20. Nb5 Qb8 21. Nxd6
Qxd6 22. Bf4 Qd7 23. Rfe1 Rxe1+ 24. Rxe1 Re8 25. Rxe8+ Qxe8 26. Qd2 Qa4 27. b3
Qe8 28. g4 Bg6 29. Bd6 Qc8 30. f4 h5 31. f5 Bh7 32. Bf3 hxg4 33. hxg4 g6 34.
Qg5 Ne8 35. Be5 Qa6 36. Qd8 f6 37. Qxe8+ Kg7 38. Qe7+ Kh6 39. Bxf6 gxf5 40.
Qg7# 1-0

[Event "WA Open Blitz Championship"]
[Site "Chess.com"]
[Date "2020.05.25"]
[Round "?"]
[White "Willy, Stephen"]
[Black "Lopez, Francisco"]
[Result "1-0"]
[WhiteElo "1137"]
[BlackElo "1778"]
[PlyCount "31"]
[EventDate "2020.??.??"]
[EventType "blitz"]

1. e4 e5 2. Nf3 Nc6 3. Bc4 Bc5 4. Nc3 Nf6 5. d3 h6 6. Be3 Bb6 7. d4 exd4 8.
Nxd4 O-O 9. Nf5 d6 10. Nxh6+ gxh6 11. Bxh6 Re8 12. O-O Bg4 13. Qd2 Ne5 14. Qg5+
Ng6 15. Qxg6+ Kh8 16. Qg7# 1-0

[Event "WA Open Blitz Championship"]
[Site "Chess.com"]
[Date "2020.05.25"]
[Round "?"]
[White "Gabunia, Davit"]
[Black "Willy, Stephen"]
[Result "1-0"]
[WhiteElo "1747"]
[BlackElo "1137"]
[PlyCount "75"]
[EventDate "2020.??.??"]
[EventType "blitz"]

1. b3 d5 2. Bb2 Nc6 3. e3 e5 4. Nf3 Bg4 5. Be2 Bd6 6. d4 e4 7. Nfd2 Bxe2 8.
Qxe2 Nf6 9. a3 Qd7 10. c4 Ne7 11. c5 Bxc5 12. dxc5 b6 13. cxb6 cxb6 14. Nc3 Rc8
15. Rd1 h5 16. Ndxe4 Nxe4 17. Nxe4 Qe6 18. Bxg7 Rg8 19. Nf6+ Kd8 20. Nxg8 Nxg8
21. Qf3 Ne7 22. Bf6 Rc6 23. Rxd5+ Rd6 24. Bxe7+ Kxe7 25. Rxd6 Qxd6 26. Qe4+ Kd7
27. Qb7+ Ke6 28. Qc8+ Kf6 29. O-O Qxa3 30. Qc6+ Kg7 31. Qc3+ Kg6 32. Rd1 Kh7
33. Qf6 Qf8 34. Qf5+ Kh6 35. Qf4+ Kh7 36. Rd6 Qc8 37. Qxf7+ Kh8 38. Rh6# 1-0

[Event "WA Open Blitz Championship"]
[Site "Chess.com"]
[Date "2020.05.25"]
[Round "?"]
[White "Semenov, Fedya"]
[Black "Willy, Stephen"]
[Result "0-1"]
[WhiteElo "1803"]
[BlackElo "1137"]
[PlyCount "40"]
[EventDate "2020.??.??"]
[EventType "blitz"]

1. e4 e5 2. f4 Nc6 3. Nf3 d6 4. Bc4 Bg4 5. h3 Bxf3 6. Qxf3 Nd4 7. Qh5 g6 8. Qd1
Qh4+ 9. Kf1 Qxf4+ 10. Kg1 d5 11. d3 Qg3 12. Bxd5 Bc5 13. Kf1 Nb3 14. Qe2 Nxa1
15. Bxb7 Rd8 16. Bc6+ Kf8 17. Nc3 Rd6 18. Bd5 Rf6+ 19. Qf3 Rxf3+ 20. gxf3 Qf2#
0-1

[Event "WA Open Blitz Championship"]
[Site "Chess.com"]
[Date "2020.05.25"]
[Round "?"]
[White "Willy, Stephen"]
[Black "Sairam, Pranav"]
[Result "0-1"]
[WhiteElo "1137"]
[BlackElo "2087"]
[PlyCount "112"]
[EventDate "2020.??.??"]
[EventType "blitz"]

1. e4 e5 2. Nf3 Nf6 3. Nc3 Nc6 4. d4 exd4 5. Nxd4 Bb4 6. Nxc6 bxc6 7. Bd2 O-O
8. Bd3 d5 9. e5 Nd7 10. Qh5 g6 11. Qh6 Nxe5 12. Bg5 f6 13. Bd2 Nxd3+ 14. cxd3
Re8+ 15. Ne2 Bxd2+ 16. Qxd2 Qe7 17. Rc1 c5 18. Qe3 Qxe3 19. fxe3 Rxe3 20. Kd2
Re5 21. Rxc5 Bg4 22. Ng3 h5 23. h4 f5 24. d4 Re7 25. Rxd5 f4 26. Nf1 Re2+ 27.
Kc3 Rxg2 28. Nd2 f3 29. Rf1 f2 30. Ne4 Rf8 31. Kd3 Bf3 32. Rg5 Rxg5 33. Nxg5
Bg2 34. Rc1 f1=Q+ 35. Rxf1 Bxf1+ 36. Ke4 Re8+ 37. Kd5 Bg2+ 38. Kc5 Kg7 39. d5
Re5 40. Ne6+ Kf6 41. Nxc7 Bxd5 42. Nxd5+ Ke6 43. Kb5 Rxd5+ 44. Ka6 Rd2 45. b4
Rxa2+ 46. Kb7 g5 47. b5 gxh4 48. b6 axb6 49. Kxb6 h3 50. Kc5 h2 51. Kd4 h1=Q
52. Ke3 Qh4 53. Kd3 Ra3+ 54. Kc2 Qh2+ 55. Kb1 Rg3 56. Kc1 Rg1# 0-1

[Event "WA Open Blitz Championship"]
[Site "Chess.com"]
[Date "2020.05.25"]
[Round "?"]
[White "Pai, Kushal"]
[Black "Willy, Stephen"]
[Result "1-0"]
[WhiteElo "1687"]
[BlackElo "1137"]
[PlyCount "43"]
[EventDate "2020.??.??"]
[EventType "blitz"]

1. e4 e5 2. Nf3 Nc6 3. d4 exd4 4. Bc4 Be7 5. O-O Nf6 6. Re1 O-O 7. e5 Ng4 8. h3
Nxf2 9. Kxf2 Bc5 10. Bg5 d3+ 11. Kf1 dxc2 12. Qxc2 Nd4 13. Qd3 Qe8 14. Nxd4
Bxd4 15. Qxd4 c6 16. Re3 d5 17. exd6 Qd7 18. Be7 Re8 19. Rg3 Qf5+ 20. Kg1 g6
21. Rf3 Qd7 22. Bxf7# 1-0

[Event "WA Open Blitz Championship"]
[Site "Chess.com"]
[Date "2020.05.25"]
[Round "?"]
[White "Wong-Godfrey, Emerson"]
[Black "Vega, Isaac"]
[Result "1/2-1/2"]
[WhiteElo "1114"]
[BlackElo "1972"]
[PlyCount "111"]
[EventDate "2020.??.??"]
[EventType "blitz"]

1. e4 c5 2. Nf3 e6 3. c3 d5 4. exd5 Qxd5 5. d4 Nf6 6. c4 Qe4+ 7. Be3 cxd4 8.
Qxd4 Nc6 9. Qxe4 Nxe4 10. Bd3 Bb4+ 11. Ke2 Nc5 12. Bxc5 Bxc5 13. Nc3 a6 14. a3
Nd4+ 15. Nxd4 Bxd4 16. Rac1 Bd7 17. Be4 O-O-O 18. Rhd1 Be5 19. g3 f5 20. Bg2 h5
21. f4 Bf6 22. Rd2 h4 23. Rcd1 hxg3 24. hxg3 Rh2 25. Kf2 Bc6 26. Rxd8+ Bxd8 27.
Rg1 Bb6+ 28. Kf1 Bxg1 29. Bxc6 bxc6 30. Kxg1 Rxb2 31. Na4 Rb3 32. Nc5 Rxg3+ 33.
Kf2 Rg6 34. Nxa6 Kb7 35. Nc5+ Kb6 36. Nd7+ Ka5 37. Ne5 Rh6 38. Kg3 c5 39. Kg2
Rh4 40. Kg3 Rh1 41. Nd7 Rc1 42. Nxc5 Rxc4 43. Nxe6 g6 44. Ng7 Rc3+ 45. Kh4 Rxa3
46. Kg5 Rg3+ 47. Kf6 Rg4 48. Ne6 Kb4 49. Kf7 Kc3 50. Kf6 Kd2 51. Kf7 Ke3 52.
Kf6 Kf3 53. Kf7 Kg3 54. Kf6 Rxf4 55. Kxg6 Rg4+ 56. Kxf5 1/2-1/2

[Event "WA Open Blitz Championship"]
[Site "Chess.com"]
[Date "2020.05.25"]
[Round "?"]
[White "Velea, Stephanie"]
[Black "Wong-Godfrey, Emerson"]
[Result "0-1"]
[WhiteElo "1700"]
[BlackElo "1114"]
[PlyCount "126"]
[EventDate "2020.??.??"]
[EventType "blitz"]

1. e4 e6 2. d4 c5 3. Nf3 d5 4. Nc3 Nc6 5. e5 Qb6 6. dxc5 Bxc5 7. Qe2 d4 8. Ne4
Bb4+ 9. c3 dxc3 10. bxc3 Bc5 11. Nxc5 Qxc5 12. Qc4 Qd5 13. Qxd5 exd5 14. Bf4
Be6 15. Nd4 Nxd4 16. cxd4 Rc8 17. Bb5+ Ke7 18. O-O a6 19. Ba4 f6 20. Rac1 Nh6
21. Bxh6 gxh6 22. Rfe1 Rhg8 23. Bb3 fxe5 24. Rxc8 Rxc8 25. dxe5 d4 26. Rd1 Rd8
27. Bxe6 Kxe6 28. Re1 d3 29. Kf1 d2 30. Rd1 Kxe5 31. Ke2 Rd4 32. Rxd2 Re4+ 33.
Kd1 Rd4 34. Rxd4 Kxd4 35. Kd2 b6 36. f4 b5 37. g4 Ke4 38. f5 Ke5 39. h4 h5 40.
gxh5 Kxf5 41. Kc3 Kg4 42. Kb4 Kxh4 43. Ka5 Kxh5 44. Kxa6 Kg4 45. Kxb5 h5 46. a4
h4 47. a5 h3 48. a6 h2 49. a7 h1=Q 50. Kb6 Kf5 51. Ka6 Ke6 52. Kb6 Kd6 53. Ka6
Kc6 54. Ka5 Kd6 55. Ka6 Qc6+ 56. Ka5 Qa8 57. Ka6 Kc6 58. Ka5 Qxa7+ 59. Kb4 Qe3
60. Ka4 Qc1 61. Ka5 Qb2 62. Ka4 Kc5 63. Ka5 Qb5# 0-1

[Event "WA Open Blitz Championship"]
[Site "Chess.com"]
[Date "2020.05.25"]
[Round "?"]
[White "Wong-Godfrey, Emerson"]
[Black "Lugovskoy, Maxim"]
[Result "0-1"]
[WhiteElo "1114"]
[BlackElo "2453"]
[PlyCount "78"]
[EventDate "2020.??.??"]
[EventType "blitz"]

1. e4 e6 2. Nf3 d5 3. exd5 exd5 4. c4 Nc6 5. cxd5 Qxd5 6. Nc3 Qh5 7. Bb5 Bg4 8.
Be2 O-O-O 9. h3 Nf6 10. O-O Bd6 11. d3 Kb8 12. Bg5 Bxf3 13. Bxf6 Bxe2 14. Qxe2
Qxe2 15. Nxe2 gxf6 16. Rac1 Be5 17. b3 Nd4 18. Nxd4 Bxd4 19. Rfd1 Rhe8 20. Kf1
c5 21. Rc4 b5 22. Rcc1 b4 23. Rc4 a5 24. f3 f5 25. Re1 Rxe1+ 26. Kxe1 Re8+ 27.
Kd2 Kc7 28. g3 Kd6 29. f4 Bc3+ 30. Kc2 Re2+ 31. Kd1 Rxa2 32. g4 Rb2 33. gxf5
Rxb3 34. Re4 Rb2 35. Re8 a4 36. Ra8 a3 37. Ra6+ Kd5 38. Kc1 a2 39. Rxa2 Rxa2
0-1

[Event "WA Open Blitz Championship"]
[Site "Chess.com"]
[Date "2020.05.25"]
[Round "?"]
[White "Wong-Godfrey, Emerson"]
[Black "Jones, Davey"]
[Result "1-0"]
[WhiteElo "1114"]
[BlackElo "1819"]
[PlyCount "43"]
[EventDate "2020.??.??"]
[EventType "blitz"]

1. e4 c5 2. Nf3 a6 3. c3 d5 4. exd5 Qxd5 5. d4 Bf5 6. Be3 cxd4 7. Qxd4 Qxd4 8.
Nxd4 Bxb1 9. Rxb1 e5 10. Nf3 Nc6 11. Bc4 Bd6 12. Ng5 Nh6 13. Rd1 Be7 14. Nf3
Nf5 15. O-O O-O 16. g4 Nd6 17. Bd5 Rfd8 18. Bb6 Rdc8 19. Rfe1 Bd8 20. Bxd8 Rxd8
21. Bxc6 bxc6 22. Nxe5 1-0

[Event "WA Open Blitz Championship"]
[Site "Chess.com"]
[Date "2020.05.25"]
[Round "?"]
[White "Ackerman, Ryan"]
[Black "Wong-Godfrey, Emerson"]
[Result "1-0"]
[WhiteElo "1922"]
[BlackElo "1114"]
[PlyCount "81"]
[EventDate "2020.??.??"]
[EventType "blitz"]

1. d4 Nf6 2. c4 c5 3. d5 e6 4. Nc3 exd5 5. cxd5 d6 6. e4 Be7 7. f4 a6 8. a4 Qb6
9. Nf3 Bg4 10. Bd3 O-O 11. a5 Qa7 12. h3 Bd7 13. Be3 b6 14. axb6 Qxb6 15. Qe2
Nh5 16. Qf2 Qd8 17. O-O f5 18. e5 dxe5 19. fxe5 f4 20. Bxc5 Bxc5 21. Qxc5 Ng3
22. Rfe1 Bf5 23. Bxf5 Nxf5 24. e6 Qd6 25. Qc4 Ne3 26. Qe4 Re8 27. Nd4 Nd7 28.
Nf5 Nxf5 29. Qxf5 Qc5+ 30. Kh1 Nb6 31. Rad1 Rac8 32. Qf7+ Kh8 33. d6 Rf8 34.
Qb7 Rb8 35. Qf3 Qc8 36. d7 Qd8 37. e7 Qc7 38. exf8=Q+ Rxf8 39. Nd5 Nxd5 40.
Qxd5 Rd8 41. Re8+ 1-0

[Event "WA Open Blitz Championship"]
[Site "Chess.com"]
[Date "2020.05.25"]
[Round "?"]
[White "Lopez, Francisco"]
[Black "Wong-Godfrey, Emerson"]
[Result "1/2-1/2"]
[WhiteElo "1778"]
[BlackElo "1114"]
[PlyCount "142"]
[EventDate "2020.??.??"]
[EventType "blitz"]

1. d4 c5 2. dxc5 Nf6 3. Nf3 Nc6 4. g3 e6 5. Bg2 Bxc5 6. O-O O-O 7. Nc3 a6 8.
Bg5 h6 9. Bxf6 Qxf6 10. Ne4 Qf5 11. Nxc5 Qxc5 12. c3 d5 13. e3 e5 14. Nh4 Rd8
15. Qh5 Be6 16. Rfd1 Kh7 17. Nf5 Bxf5 18. Qxf5+ Kg8 19. Rd2 Rd6 20. Rad1 Rad8
21. h4 b5 22. Qf3 Ne7 23. e4 d4 24. cxd4 exd4 25. Rd3 Qe5 26. Qe2 f5 27. f4 Qe6
28. e5 R6d7 29. Qd2 Qc4 30. b3 Qc5 31. Rc1 Qb6 32. b4 g6 33. Rc5 Nd5 34. Bxd5+
Rxd5 35. Rxd5 Rxd5 36. Kf2 Kf7 37. Kf3 Ke6 38. g4 fxg4+ 39. Kxg4 Kf7 40. h5 Qc6
41. hxg6+ Kxg6 42. Qg2 Qe6+ 43. Kh4+ Kf7 44. Qg4 Qxg4+ 45. Kxg4 Kg6 46. f5+ Kg7
47. f6+ Kf7 48. Kf5 h5 49. Ke4 Ke6 50. Rxd4 Rxe5+ 51. Kf4 Re2 52. Kg5 Re5+ 53.
Kg6 h4 54. f7 Ke7 55. Rxh4 Re2 56. Rg4 Kf8 57. Rh4 Rg2+ 58. Kf5 Rf2+ 59. Rf4
Rxa2 60. Re4 Rf2+ 61. Rf4 Rxf4+ 62. Kxf4 Kxf7 63. Ke4 Ke6 64. Kd4 Kd6 65. Kc3
Kd5 66. Kb3 Kc6 67. Kc3 Kd6 68. Kd3 Kc6 69. Kd4 Kd6 70. Ke4 Ke6 71. Kd4 Kd6
1/2-1/2

[Event "WA Open Blitz Championship"]
[Site "Chess.com"]
[Date "2020.05.25"]
[Round "?"]
[White "Wong-Godfrey, Emerson"]
[Black "Razmov, Valentin"]
[Result "0-1"]
[WhiteElo "1114"]
[BlackElo "1986"]
[PlyCount "48"]
[EventDate "2020.??.??"]
[EventType "blitz"]

1. e4 d5 2. exd5 Qxd5 3. Nc3 Qa5 4. Nf3 Nf6 5. Bc4 Bf5 6. d3 c6 7. Ng5 e6 8.
Nf3 Bd6 9. Bg5 Nbd7 10. Qc1 h6 11. Bh4 Qc7 12. Bg3 Bxg3 13. hxg3 O-O-O 14. Nd4
Bg6 15. Nb3 Nb6 16. Nd2 Qe5+ 17. Ne2 Bh5 18. Nf3 Bxf3 19. gxf3 Nxc4 20. dxc4
Rd7 21. Qf4 Qxb2 22. Qc1 Qb4+ 23. c3 Qxc4 24. O-O Qxe2 0-1

[Event "WA Open Blitz Championship"]
[Site "Chess.com"]
[Date "2020.05.25"]
[Round "?"]
[White "Seshadri, Sridhar"]
[Black "Wong-Godfrey, Emerson"]
[Result "1-0"]
[WhiteElo "1626"]
[BlackElo "1114"]
[PlyCount "101"]
[EventDate "2020.??.??"]
[EventType "blitz"]

1. d4 c5 2. Nf3 d5 3. c3 Nc6 4. e3 Nf6 5. Be2 g6 6. O-O Bg7 7. Nbd2 O-O 8. dxc5
e5 9. Nb3 Be6 10. Ne1 a5 11. a4 Nd7 12. Nd3 d4 13. cxd4 exd4 14. Nxd4 Nxd4 15.
exd4 Bxd4 16. Be3 Bxe3 17. fxe3 Bc4 18. Nf4 Bxe2 19. Qxe2 Nxc5 20. Qb5 b6 21.
b4 axb4 22. Qxb4 Re8 23. Rad1 Qc7 24. Nd5 Qe5 25. Qxb6 Nxa4 26. Qc6 Rec8 27.
Qd7 f5 28. Ne7+ Kh8 29. Nxc8 Rxc8 30. Qxc8+ Kg7 31. Rd7+ Kh6 32. Qf8+ Kg5 33.
Qe7+ Qxe7 34. Rxe7 Nc3 35. Rxh7 Ne4 36. h4+ Kg4 37. Rf4+ Kg3 38. Rxe4 fxe4 39.
h5 gxh5 40. Rxh5 Kg4 41. Rh8 Kf5 42. g3 Kg4 43. Kg2 Kf5 44. Kh3 Kg5 45. g4 Kg6
46. Kh4 Kf6 47. Ra8 Kg6 48. Ra5 Kg7 49. g5 Kg6 50. Ra6+ Kf5 51. g6 1-0

[Event "WA Open Blitz Championship"]
[Site "Chess.com"]
[Date "2020.05.25"]
[Round "?"]
[White "Moore, Michael"]
[Black "Bhatia, Tanush"]
[Result "1-0"]
[WhiteElo "1950"]
[BlackElo "1091"]
[PlyCount "75"]
[EventDate "2020.??.??"]
[EventType "blitz"]

1. d4 Nf6 2. c4 e6 3. Nf3 d5 4. g3 c5 5. Bg2 cxd4 6. O-O Nc6 7. Nxd4 Bc5 8. Nb3
Bb6 9. cxd5 exd5 10. Bg5 Be6 11. Nc3 Ne7 12. Bxf6 gxf6 13. Nd4 Bxd4 14. Qxd4
Nc6 15. Qa4 a6 16. Rac1 b5 17. Nxb5 axb5 18. Qxb5 Bd7 19. Qxd5 Rc8 20. Rfd1 f5
21. Rxc6 Bxc6 22. Qe5+ Kf8 23. Qxh8+ Ke7 24. Rxd8 Rxd8 25. Qe5+ Kf8 26. Bxc6
Kg8 27. Qxf5 Rd1+ 28. Kg2 Rd6 29. Be4 Rg6 30. Bd5 Rg7 31. b4 h6 32. b5 Kh8 33.
b6 Rg8 34. Qf6+ Kh7 35. Be4+ Rg6 36. Qxf7+ Kh8 37. Qxg6 h5 38. Qh7# 1-0

[Event "WA Open Blitz Championship"]
[Site "Chess.com"]
[Date "2020.05.25"]
[Round "?"]
[White "Bhatia, Tanush"]
[Black "Seshadri, Sridhar"]
[Result "1-0"]
[WhiteElo "1091"]
[BlackElo "1626"]
[PlyCount "59"]
[EventDate "2020.??.??"]
[EventType "blitz"]

1. d4 d5 2. c4 c6 3. Nc3 Nf6 4. Bf4 e6 5. e3 Bd6 6. Bg3 O-O 7. Nf3 Qc7 8. Bxd6
Qxd6 9. Be2 dxc4 10. Bxc4 Nd5 11. O-O Nd7 12. Bb3 N7f6 13. h3 a5 14. a4 Qc7 15.
Qc2 Nxc3 16. bxc3 Re8 17. e4 e5 18. dxe5 Nd7 19. Qa2 Nxe5 20. Nxe5 Rxe5 21.
Rfe1 Be6 22. Bxe6 Rxe6 23. Rab1 Rb8 24. c4 b5 25. axb5 cxb5 26. cxb5 Re5 27.
Rec1 Qb6 28. Rc6 Qd4 29. Rc7 h6 30. Qxf7+ 1-0

[Event "WA Open Blitz Championship"]
[Site "Chess.com"]
[Date "2020.05.25"]
[Round "?"]
[White "Gabunia, Davit"]
[Black "Bhatia, Tanush"]
[Result "1-0"]
[WhiteElo "1747"]
[BlackElo "1091"]
[PlyCount "69"]
[EventDate "2020.??.??"]
[EventType "blitz"]

1. d4 Nf6 2. c4 e6 3. Nc3 d5 4. Bg5 Be7 5. e3 h6 6. Bh4 g5 7. Bg3 c5 8. dxc5
Bxc5 9. cxd5 Nxd5 10. Bb5+ Nc6 11. Nge2 a6 12. Bxc6+ bxc6 13. O-O Bd7 14. a3 h5
15. Ne4 Bxa3 16. bxa3 h4 17. Bd6 f5 18. Nc5 Bc8 19. Qd4 Rh7 20. Qe5 g4 21. Nxe6
Bxe6 22. Qxe6+ Ne7 23. Bxe7 Qxe7 24. Qxc6+ Kf7 25. Qxa8 g3 26. Qd5+ Ke8 27.
Qg8+ Qf8 28. Qxh7 gxh2+ 29. Kh1 h3 30. Qh5+ Kd8 31. Rfd1+ Ke7 32. Qg5+ Ke6 33.
Nf4+ Kf7 34. Rd7+ Ke8 35. Qd8# 1-0

[Event "WA Open Blitz Championship"]
[Site "Chess.com"]
[Date "2020.05.25"]
[Round "?"]
[White "Bhatia, Tanush"]
[Black "Vemparala, Nikash"]
[Result "1-0"]
[WhiteElo "1091"]
[BlackElo "1684"]
[PlyCount "99"]
[EventDate "2020.??.??"]
[EventType "blitz"]

1. d4 d5 2. c4 c6 3. Nc3 e5 4. e3 e4 5. Bd2 Nf6 6. Nge2 Bd6 7. g3 Bc7 8. cxd5
cxd5 9. Bg2 O-O 10. Nc1 Re8 11. O-O Nc6 12. Nb3 Nb4 13. Nc1 a5 14. a3 Nc6 15.
N1e2 Be6 16. Qc2 Rc8 17. Qd1 Nd7 18. Nb5 Nb6 19. Nxc7 Qxc7 20. b3 a4 21. b4 Nc4
22. Nc3 Nxd2 23. Qxd2 Nxd4 24. Nxd5 Ne2+ 25. Qxe2 Bxd5 26. Qg4 Qd6 27. Rac1
Rxc1 28. Rxc1 Bb3 29. Rc8 Qe7 30. Rxe8+ Qxe8 31. Qxe4 Qxe4 32. Bxe4 b6 33. Bc6
f6 34. b5 Kf8 35. e4 Ke7 36. f3 Kd6 37. Kf2 Kc5 38. Ke3 Kc4 39. Bd5+ Kc3 40.
Bc6 Kb2 41. Kd4 Kxa3 42. Kc3 Ka2 43. Bd5 Bxd5 44. exd5 a3 45. Kc2 Ka1 46. d6 g6
47. d7 f5 48. d8=Q h6 49. Qd1+ Ka2 50. Qb1# 1-0

[Event "WA Open Blitz Championship"]
[Site "Chess.com"]
[Date "2020.05.25"]
[Round "?"]
[White "Semenov, Fedya"]
[Black "Bhatia, Tanush"]
[Result "1-0"]
[WhiteElo "1803"]
[BlackElo "1091"]
[PlyCount "107"]
[EventDate "2020.??.??"]
[EventType "blitz"]

1. e4 e5 2. f4 d6 3. Nf3 exf4 4. Bc4 Nc6 5. d4 Bg4 6. O-O Qf6 7. c3 Nge7 8. h3
Bxf3 9. Qxf3 Na5 10. Bd3 Nac6 11. Bxf4 Ng6 12. Nd2 Nxf4 13. Qxf4 Qxf4 14. Rxf4
Be7 15. Raf1 Bg5 16. R4f2 Be3 17. Bc4 Bxf2+ 18. Rxf2 f6 19. Bb5 a6 20. Ba4 b5
21. Bb3 Na5 22. Bc2 Nc4 23. Nxc4 bxc4 24. Ba4+ Ke7 25. Bc6 Rab8 26. Bd5 Rb6 27.
Bxc4 Rhb8 28. b3 a5 29. e5 dxe5 30. dxe5 Re8 31. e6 Rd8 32. Kh2 Rbd6 33. Rf5 g6
34. Rxa5 Rd2 35. a4 Rc2 36. Rc5 Rc8 37. Ba6 Ra8 38. Bd3 Rd2 39. Bc4 Rc2 40.
Rxc7+ Kd6 41. Rd7+ Kc6 42. Bd5+ Kb6 43. Bxa8 Rxc3 44. e7 Rc8 45. Rd8 Kc7 46.
Rxc8+ Kd7 47. e8=Q+ Kd6 48. Rd8+ Kc5 49. Qc6+ Kb4 50. Rb8+ Ka3 51. Qc1+ Ka2 52.
b4 Kb3 53. Bd5+ Kxa4 54. Qa1# 1-0

[Event "WA Open Blitz Championship"]
[Site "Chess.com"]
[Date "2020.05.25"]
[Round "?"]
[White "Bhatia, Tanush"]
[Black "Stein, Daniel"]
[Result "1-0"]
[WhiteElo "1091"]
[BlackElo "1555"]
[PlyCount "159"]
[EventDate "2020.??.??"]
[EventType "blitz"]

1. d4 Nf6 2. c4 e5 3. d5 Bb4+ 4. Bd2 a5 5. Bxb4 axb4 6. a3 O-O 7. Nd2 bxa3 8.
bxa3 Na6 9. e3 d6 10. Ne2 Nc5 11. Nb3 Nfe4 12. f3 Nxb3 13. Qxb3 Nc5 14. Qb1 f5
15. Nc1 f4 16. e4 Qh4+ 17. Ke2 b6 18. Nb3 Nd7 19. a4 Ba6 20. Qc2 Ra7 21. Kd1
Rfa8 22. Bd3 Nc5 23. Nxc5 bxc5 24. Qe2 Qd8 25. Ke1 Bc8 26. Bc2 Bd7 27. Qd1 Ra5
28. Kf2 R8a6 29. Bb3 Qa8 30. Qc2 Bxa4 31. Bxa4 Rxa4 32. Rxa4 Rxa4 33. Rb1 Ra2
34. Rb8+ Qxb8 35. Qxa2 Kf7 36. g3 g5 37. gxf4 gxf4 38. Ke2 Qb4 39. Qc2 Qa3 40.
Kf2 Qe3+ 41. Kg2 Qd4 42. Kh3 Qe3 43. Kg2 h5 44. h4 Qe1 45. Qf2 Qc3 46. Qf1 Kg6
47. Kg1 Qe3+ 48. Qf2 Qc1+ 49. Kh2 Kh6 50. Qg2 Kh7 51. Qg5 Qd2+ 52. Kh1 Qd1+ 53.
Kh2 Qe2+ 54. Kg1 Qe1+ 55. Kh2 Qf2+ 56. Kh1 Qxf3+ 57. Kh2 Qg3+ 58. Qxg3 fxg3+
59. Kxg3 Kg6 60. Kf3 Kf6 61. Kg3 Ke7 62. Kf3 Kd7 63. Ke3 Kc8 64. Kd3 Kb7 65.
Kc3 Ka6 66. Kc2 Ka5 67. Kb3 Kb6 68. Ka4 c6 69. dxc6 Kxc6 70. Ka5 d5 71. cxd5+
Kd6 72. Kb5 c4 73. Kxc4 Kd7 74. Kc5 Kc7 75. d6+ Kd7 76. Kd5 Kd8 77. Kxe5 Kd7
78. Kd5 Ke8 79. e5 Kd7 80. e6+ 1-0

[Event "WA Open Blitz Championship"]
[Site "Chess.com"]
[Date "2020.05.25"]
[Round "?"]
[White "Pai, Kushal"]
[Black "Bhatia, Tanush"]
[Result "1-0"]
[WhiteElo "1687"]
[BlackElo "1091"]
[PlyCount "105"]
[EventDate "2020.??.??"]
[EventType "blitz"]

1. e4 e5 2. Nf3 Nc6 3. d4 exd4 4. Bc4 d6 5. O-O h6 6. c3 d3 7. Qb3 Qe7 8. Be3
Nf6 9. Bxd3 Ne5 10. Nxe5 dxe5 11. f3 Qe6 12. Bc4 Qe7 13. a4 c6 14. Na3 Be6 15.
Bxe6 fxe6 16. Rad1 g5 17. Rf2 Bg7 18. Nc4 Rd8 19. Rxd8+ Kxd8 20. Nxe5 Ke8 21.
Rd2 a6 22. Ng6 Qf7 23. Nxh8 Bxh8 24. Rd6 b5 25. axb5 axb5 26. Qxe6+ Qxe6 27.
Rxe6+ Kf7 28. Rxc6 Ne8 29. Rc8 Bf6 30. Rxe8 Kxe8 31. Bd4 Bxd4+ 32. cxd4 Kd7 33.
Kf2 Kd6 34. Ke3 Ke6 35. Kd3 Kd6 36. Kc3 h5 37. Kb4 Kc6 38. d5+ Kd6 39. Kxb5 g4
40. Kb6 g3 41. hxg3 h4 42. gxh4 Ke7 43. h5 Kf6 44. h6 Ke7 45. h7 Kd7 46. h8=Q
Kd6 47. Qf6+ Kd7 48. Qc6+ Ke7 49. d6+ Ke6 50. d7+ Kf7 51. d8=Q Kg7 52. Qdd7+
Kf8 53. Qcc8# 1-0

[Event "WA Open Blitz Championship"]
[Site "Chess.com"]
[Date "2020.05.25"]
[Round "?"]
[White "Shapiro, Michael"]
[Black "Bhatia, Tanush"]
[Result "0-1"]
[WhiteElo "1502"]
[BlackElo "1091"]
[PlyCount "100"]
[EventDate "2020.??.??"]
[EventType "blitz"]

1. c4 c5 2. Nc3 Nc6 3. Nf3 Nf6 4. g3 g6 5. Bg2 Bg7 6. O-O O-O 7. d4 cxd4 8.
Nxd4 e6 9. Nxc6 dxc6 10. Bd2 Rb8 11. Qc1 Ng4 12. h3 Nf6 13. Bh6 Qb6 14. Bxg7
Kxg7 15. Rb1 Rd8 16. Ne4 Nxe4 17. Bxe4 Bd7 18. Rd1 Be8 19. Rxd8 Rxd8 20. Qc2
Qd4 21. Bg2 Qd2 22. Qxd2 Rxd2 23. e3 Rc2 24. Bf1 b5 25. Bd3 Rd2 26. Bf1 bxc4
27. Bxc4 c5 28. a3 Rc2 29. Bb3 Rd2 30. Kf1 Bb5+ 31. Ke1 Re2+ 32. Kd1 Rxf2 33.
a4 Rf1+ 34. Kc2 Bd3+ 35. Kxd3 Rxb1 36. Kc3 Rg1 37. Kc4 Rxg3 38. Kxc5 Rxe3 39.
Bc4 Rxh3 40. b4 Ra3 41. a5 h5 42. Kb5 h4 43. Bf1 h3 44. Ka6 Rb3 45. Bxh3 Rxb4
46. Kxa7 Rb3 47. a6 Rxh3 48. Kb8 Ra3 49. a7 Rxa7 50. Kxa7 g5 0-1

[Event "WA Open Blitz Championship"]
[Site "Chess.com"]
[Date "2020.05.25"]
[Round "?"]
[White "Bhatia, Tanush"]
[Black "Willy, Stephen"]
[Result "0-1"]
[WhiteElo "1091"]
[BlackElo "1137"]
[PlyCount "108"]
[EventDate "2020.??.??"]
[EventType "blitz"]

1. d4 d5 2. c4 c6 3. Nc3 Nf6 4. Bf4 Bf5 5. e3 e6 6. Nf3 Nbd7 7. cxd5 exd5 8.
Be2 Be7 9. h3 h6 10. Ne5 Nxe5 11. Bxe5 Bd6 12. Bxd6 Qxd6 13. Bd3 Bg6 14. Bxg6
fxg6 15. Qb3 O-O 16. O-O g5 17. e4 Kh8 18. e5 Qe6 19. exf6 Qxf6 20. Rad1 b5 21.
a3 a5 22. Qc2 b4 23. Na4 g4 24. Qd3 Rae8 25. Nc5 Qh4 26. Qg3 Qxg3 27. fxg3
Rxf1+ 28. Rxf1 gxh3 29. gxh3 bxa3 30. bxa3 Re3 31. Kg2 Rxa3 32. Rf3 Ra2+ 33.
Rf2 Ra3 34. Ne6 Re3 35. Nd8 Rc3 36. Nf7+ Kh7 37. Ne5 a4 38. Ra2 a3 39. h4 Rb3
40. Kh3 Re3 41. Nxc6 Rc3 42. Ne5 Kg8 43. Kg4 Kf8 44. Nd7+ Ke7 45. Ne5 Kf6 46.
Kh3 Kf5 47. Rf2+ Ke4 48. Ra2 Kxd4 49. Nf7 Kc4 50. Ne5+ Kb3 51. Ra1 Kb2 52. Rg1
a2 53. Nf7 Rc1 54. Rxc1 Kxc1 0-1

[Event "WA Open Blitz Championship"]
[Site "Chess.com"]
[Date "2020.05.25"]
[Round "?"]
[White "Jones, Davey"]
[Black "Bhatia, Tanush"]
[Result "1-0"]
[WhiteElo "1819"]
[BlackElo "1091"]
[PlyCount "61"]
[EventDate "2020.??.??"]
[EventType "blitz"]

1. e4 e5 2. Nf3 Nc6 3. Bb5 a6 4. Ba4 Nf6 5. O-O d6 6. Re1 Bg4 7. c3 Be7 8. h3
Bxf3 9. Qxf3 O-O 10. d3 h6 11. Nd2 Nd7 12. Nf1 Nc5 13. Bc2 Bg5 14. Ng3 Qf6 15.
Qd1 Bxc1 16. Rxc1 Rfe8 17. Nh5 Qg5 18. Re3 g6 19. Ng3 Ne7 20. d4 exd4 21. cxd4
Nd7 22. e5 dxe5 23. dxe5 Nf5 24. Ne4 Nxe3 25. fxe3 Qxe3+ 26. Kh1 Nxe5 27. Nf6+
Kg7 28. Nxe8+ Rxe8 29. Qf1 g5 30. Re1 Qf4 31. Qe2 1-0